[Event "Elit(Wasa-Manhem)"]
[Site "?"]
[Date "2006.??.??"]
[Round "9"]
[White "Akesson, Joel"]
[Black "Wedberg, Tom"]
[Result "1/2-1/2"]
[WhiteElo "2369"]
[BlackElo "2553"]
[PlyCount "36"]
[EventDate "2006.??.??"]

1. d4 Nf6 2. Nf3 e6 3. c4 c5 4. d5 d6 5. Nc3 exd5 6. cxd5 g6 7. g3 Bg7 8. Bg2
O-O 9. O-O a6 10. a4 Nbd7 11. Bf4 Qc7 12. Rc1 Nh5 13. Bd2 Rb8 14. b4 b5 15.
axb5 axb5 16. e4 Re8 17. Re1 Qb6 18. Be3 Qd8 1/2-1/2

[Event "Elit(Wasa-Manhem)"]
[Site "?"]
[Date "2006.??.??"]
[Round "9"]
[White "Lyrberg, Patrik"]
[Black "Landgren, Philip"]
[Result "1-0"]
[WhiteElo "2558"]
[BlackElo "2336"]
[PlyCount "129"]
[EventDate "2006.??.??"]

1. d4 Nf6 2. c4 e6 3. Nc3 Bb4 4. e3 O-O 5. Bd3 c5 6. Nge2 d5 7. O-O cxd4 8.
exd4 dxc4 9. Bxc4 Nc6 10. a3 Be7 11. Qd3 a6 12. Rd1 b5 13. Ba2 Bb7 14. Bg5 b4
15. Na4 Qa5 16. Nc5 Bxc5 17. dxc5 Qxc5 18. Bxf6 gxf6 19. Rac1 Qg5 20. h4 Qg6
21. Qe3 Ne5 22. Nf4 Qg4 23. Qg3 Qxg3 24. fxg3 Rfd8 25. axb4 Kf8 26. Rxd8+ Rxd8
27. Bxe6 fxe6 28. Nxe6+ Ke7 29. Nxd8 Kxd8 30. Rc5 Kd7 31. b5 axb5 32. Rxb5 Bc6
33. Rb8 Be4 34. h5 Kd6 35. Kh2 Bf5 36. Rb6+ Nc6 37. Rb7 Ne5 38. g4 Nxg4+ 39.
Kg3 Ne5 40. Kf4 Bc2 41. Rb6+ Nc6 42. g4 Kc7 43. Rb5 Nd4 44. Rd5 Ne6+ 45. Ke3
Bb3 46. Rf5 Kd6 47. Rxf6 Bd1 48. Rh6 Bxg4 49. Rxh7 Ke5 50. h6 Bf5 51. Re7 Kf6
52. h7 Kxe7 53. h8=Q Bg6 54. b4 Be8 55. Ke4 Nc7 56. Kd4 Ba4 57. Kc5 Kd7 58. Qg8
Ne6+ 59. Kb6 Bb3 60. Qg3 Bd5 61. Qe5 Bf3 62. Qf5 Bg2 63. Qd3+ Ke7 64. b5 Ba8
65. Qa3+ 1-0

[Event "Elit(Wasa-Manhem)"]
[Site "?"]
[Date "2006.??.??"]
[Round "9"]
[White "Sagit, Rauan"]
[Black "Astrom, Goran"]
[Result "0-1"]
[WhiteElo "2328"]
[BlackElo "2346"]
[PlyCount "60"]
[EventDate "2006.??.??"]

1. e4 c5 2. Nf3 e6 3. d4 cxd4 4. Nxd4 a6 5. Bd3 Bc5 6. Nb3 Be7 7. Qg4 g6 8. Qe2
d6 9. O-O Nd7 10. Na3 Ne5 11. Bd2 Nf6 12. Nc4 Nxc4 13. Bxc4 O-O 14. Rfd1 Qc7
15. Bd3 b6 16. c4 Bb7 17. Rac1 Rfe8 18. Nd4 Nd7 19. b4 Rac8 20. Qe3 Qb8 21. Bf1
Bf6 22. Nb3 d5 23. cxd5 exd5 24. Qh3 Rcd8 25. exd5 Bxd5 26. Bh6 Be6 27. Qf3 Bb2
28. Rc2 Ne5 29. Qf6 Ng4 30. Qxb2 Qxh2# 0-1

[Event "Elit(Wasa-Manhem)"]
[Site "?"]
[Date "2006.??.??"]
[Round "9"]
[White "Hellborg, Teodor"]
[Black "Nithander, Victor"]
[Result "1/2-1/2"]
[WhiteElo "2389"]
[BlackElo "2375"]
[PlyCount "101"]
[EventDate "2006.??.??"]

1. d4 Nf6 2. Bg5 c5 3. Bxf6 gxf6 4. d5 Qb6 5. Qc1 f5 6. g3 d6 7. c3 Nd7 8. Bg2
h5 9. h4 Bh6 10. Qc2 Nf6 11. Nd2 Bd7 12. Nh3 Qa6 13. e3 e5 14. a4 b6 15. Bf1
Qb7 16. c4 Rg8 17. Nf3 Ne4 18. Nfg5 Bxg5 19. Nxg5 Nxg5 20. hxg5 Rxg5 21. Rh4
O-O-O 22. Be2 Rh8 23. O-O-O Qa6 24. b3 Qa5 25. Qd2 f6 26. Qxa5 bxa5 27. Rdh1
Be8 28. Kd2 Kd8 29. Ke1 e4 30. Kd2 Bg6 31. Bd1 Rh7 32. R1h3 Ke7 33. Ke1 Kf7 34.
Rf4 Kg7 35. Be2 Rh8 36. Rfh4 Rh7 37. Bd1 Rh8 38. Rh2 Rh7 39. Rh1 Rh8 40. R1h3
Rh7 41. Kd2 Rh8 42. Rh1 Rh7 43. Be2 Rh8 44. Rc1 Rb8 45. Bd1 Rb7 46. Kc3 Rb8 47.
Be2 Rh8 48. Rch1 Rh7 49. Bd1 Rh8 50. Kd2 Rh7 51. Ke1 1/2-1/2

[Event "Elit(Wasa-Manhem)"]
[Site "?"]
[Date "2006.??.??"]
[Round "9"]
[White "Hultin, Johan"]
[Black "von Bahr, Oskar"]
[Result "1/2-1/2"]
[WhiteElo "2296"]
[BlackElo "2366"]
[PlyCount "118"]
[EventDate "2006.??.??"]

1. d4 Nf6 2. Nf3 g6 3. c4 Bg7 4. Nc3 d5 5. Bg5 Ne4 6. Bf4 Nxc3 7. bxc3 c5 8. e3
O-O 9. cxd5 cxd4 10. cxd4 Qxd5 11. Be2 Nc6 12. O-O Bf5 13. Qa4 Qa5 14. Qxa5
Nxa5 15. Rfc1 Rac8 16. Nd2 Nc6 17. Bf3 e5 18. Bxc6 exf4 19. Bxb7 fxe3 20. fxe3
Rce8 21. Rc3 Re7 22. Bf3 Rb8 23. Nb3 h5 24. Kf2 Re6 25. Rc6 Bf8 26. Rac1 Rb4
27. Bd5 Re7 28. Rc7 a5 29. Rxe7 Bxe7 30. e4 Be6 31. Bxe6 fxe6 32. Rc7 a4 33.
Rxe7 axb3 34. axb3 Rxd4 35. Rxe6 Kf7 36. Rc6 Rxe4 37. Rc4 Re6 38. h4 Rb6 39. b4
Ke6 40. Ke3 Kd5 41. Rd4+ Ke5 42. Rc4 Kd6 43. Rd4+ Kc6 44. g3 Rb5 45. Rf4 g5 46.
hxg5 Rxg5 47. Kf3 Rb5 48. Rd4 Rg5 49. Kg2 Rb5 50. Kh3 Kc7 51. Kh4 Kc6 52. Rd8
Kc7 53. Rh8 Kd7 54. Rxh5 Rxb4+ 55. g4 Ke7 56. Ra5 Kf6 57. Kh5 Kg7 58. Ra7+ Kg8
59. g5 Rb6 1/2-1/2

[Event "Elit(Wasa-Manhem)"]
[Site "?"]
[Date "2006.??.??"]
[Round "9"]
[White "Berkell, Peder"]
[Black "Kinnmark, Ove"]
[Result "1/2-1/2"]
[WhiteElo "2204"]
[BlackElo "2280"]
[PlyCount "26"]
[EventDate "2006.??.??"]

1. g3 e5 2. Bg2 d5 3. d3 g6 4. Nc3 c6 5. e4 dxe4 6. Nxe4 Bg7 7. Nf3 h6 8. O-O
Ne7 9. Re1 O-O 10. c3 Nf5 11. a4 a5 12. h4 Na6 13. Qe2 Be6 1/2-1/2

[Event "Elit(Wasa-Manhem)"]
[Site "?"]
[Date "2006.??.??"]
[Round "9"]
[White "Schneider, Lars-Ake"]
[Black "Soderberg, Per"]
[Result "1-0"]
[WhiteElo "2356"]
[BlackElo "2225"]
[PlyCount "57"]
[EventDate "2006.??.??"]

1. e4 c5 2. Nf3 d6 3. d4 cxd4 4. Nxd4 Nf6 5. Nc3 a6 6. f4 e5 7. Nf3 Qc7 8. Bd3
b5 9. O-O Bb7 10. a3 Nbd7 11. Qe1 Be7 12. Kh1 O-O 13. Nh4 Rfe8 14. Nf5 Bf8 15.
Qg3 Kh8 16. fxe5 dxe5 17. Qh4 Re6 18. Bg5 h6 19. Nxh6 gxh6 20. Rxf6 Nxf6 21.
Bxf6+ Kh7 22. Nd5 Qd6 23. Rf1 Bg7 24. Be7 Qd7 25. Qh5 Re8 26. Qf5+ Kh8 27. Nf6
Bxe4 28. Bxe4 Rxf6 29. Qh7# 1-0

[Event "Elit(Wasa-Manhem)"]
[Site "?"]
[Date "2006.??.??"]
[Round "9"]
[White "Collett, Peter"]
[Black "Moberg, Karl-Johan"]
[Result "1/2-1/2"]
[WhiteElo "2236"]
[BlackElo "2308"]
[PlyCount "107"]
[EventDate "2006.??.??"]

1. d4 Nf6 2. c4 g6 3. Nc3 d5 4. Bf4 Bg7 5. e3 c5 6. dxc5 Qa5 7. Rc1 Ne4 8. Nge2
dxc4 9. Qa4+ Qxa4 10. Nxa4 Bd7 11. Nec3 Nxc3 12. Nxc3 Na6 13. Bxc4 Nxc5 14. O-O
Ne6 15. Bg3 O-O 16. Bd5 Nd8 17. Rfd1 Bc6 18. Bxc6 Nxc6 19. Rd7 Bxc3 20. Rxc3
Rfd8 21. Rcd3 Rxd7 22. Rxd7 Rd8 23. Rxd8+ Nxd8 24. Kf1 Kf8 25. Ke2 Ke8 26. Kd3
Kd7 27. Kc4 Kc6 28. a4 a6 29. a5 f6 30. f3 Ne6 31. e4 g5 32. Be1 Nf4 33. Bb4
Nxg2 34. Bxe7 Nh4 35. Bxf6 Nxf3 36. h3 h5 37. Kd3 g4 38. hxg4 hxg4 39. Ke3 Kd7
40. Bc3 Ke6 41. Kf4 Nh4 42. Kxg4 Ng6 43. Kf3 Ne7 44. Ke3 Nc6 45. Kd3 Nd8 46.
Kc4 Kd6 47. e5+ Kc6 48. Kd4 Ne6+ 49. Ke4 Nc5+ 50. Kd4 Ne6+ 51. Kc4 Nf4 52. Bd2
Ne6 53. Be3 Nc7 54. Bd2 1/2-1/2

[Event "Elit(Linkoping-Rockaden)"]
[Site "?"]
[Date "2006.??.??"]
[Round "9"]
[White "Barkhagen, Jonas"]
[Black "Palo, Davor"]
[Result "1/2-1/2"]
[WhiteElo "2542"]
[BlackElo "2546"]
[PlyCount "116"]
[EventDate "2006.??.??"]

1. d4 Nf6 2. c4 e6 3. Nf3 b6 4. g3 Bb7 5. Bg2 Be7 6. Nc3 Ne4 7. Bd2 O-O 8. O-O
f5 9. d5 Bf6 10. Rc1 Na6 11. Be1 Nac5 12. Nd4 a5 13. Nxe4 fxe4 14. dxe6 Bxd4
15. Qxd4 Nxe6 16. Qe3 Nc5 17. b3 Qf6 18. Bc3 Qg6 19. Rcd1 d6 20. Bd4 Rae8 21.
Qc3 Ne6 22. Be3 Rf5 23. Qc2 Re5 24. a3 Qh5 25. b4 Ng5 26. c5 bxc5 27. bxc5 d5
28. h4 Nf7 29. Bf4 R5e7 30. c6 Ba6 31. Rd2 Bc4 32. Rfd1 h6 33. f3 g5 34. Rxd5
Bxd5 35. Rxd5 Qg6 36. hxg5 hxg5 37. Bc1 Re6 38. Rc5 exf3 39. Qxg6+ Rxg6 40.
exf3 Re5 41. Rc2 Rb5 42. f4 Rd6 43. Kf2 Rb3 44. Rc5 g4 45. Bd5 Rd3 46. Bc4 Rf3+
47. Kg2 Kf8 48. Be2 Rb3 49. f5 Rd4 50. Rxa5 Re4 51. Kf2 Rc3 52. Ra8+ Ke7 53.
f6+ Ke6 54. Bf4 Rc2 55. Re8+ Kf5 56. Rxe4 Kxe4 57. Bxc7 Rxc6 58. Bf4 Rxf6
1/2-1/2

[Event "Elit(Linkoping-Rockaden)"]
[Site "?"]
[Date "2006.??.??"]
[Round "9"]
[White "Olsson, Conny"]
[Black "Karlsson, Lars"]
[Result "0-1"]
[WhiteElo "2247"]
[BlackElo "2626"]
[PlyCount "90"]
[EventDate "2006.??.??"]

1. Nf3 e6 2. e4 d5 3. exd5 exd5 4. d4 Bd6 5. Bg5 Ne7 6. Bd3 f6 7. Bh4 Bf5 8.
Bg3 Qd7 9. Nc3 Nbc6 10. Bxd6 Qxd6 11. Bxf5 Nxf5 12. Qd2 O-O-O 13. O-O-O g5 14.
Ne2 Qd7 15. Qd3 Nd6 16. Nd2 Rhe8 17. Ng3 f5 18. Rhe1 f4 19. Nh1 Qf5 20. Qxf5+
Nxf5 21. c3 g4 22. Nb3 b6 23. Kb1 h5 24. Nc1 Nh4 25. Rxe8 Rxe8 26. g3 Ng6 27.
gxf4 Nxf4 28. Ng3 Rf8 29. Rf1 Ne7 30. Kc2 Neg6 31. Nge2 Nxe2 32. Nxe2 Nh4 33.
Ng1 Nf3 34. Nxf3 Rxf3 35. Kd2 Rh3 36. Rh1 Kd7 37. Ke2 c5 38. dxc5 bxc5 39. Rd1
Kd6 40. c4 d4 41. Rd3 Rxh2 42. Ra3 h4 43. Ra6+ Ke5 44. Rc6 g3 45. Rxc5+ Ke4 0-1

[Event "Elit(Linkoping-Rockaden)"]
[Site "?"]
[Date "2006.??.??"]
[Round "9"]
[White "Hermansson, Emil"]
[Black "Malesevic, Nedeljko"]
[Result "1-0"]
[WhiteElo "2502"]
[BlackElo "2341"]
[PlyCount "59"]
[EventDate "2006.??.??"]

1. e4 c6 2. d4 d5 3. Nd2 dxe4 4. Nxe4 Nf6 5. Nxf6+ exf6 6. c3 Bf5 7. Ne2 Bd6 8.
Ng3 Bg6 9. Bc4 O-O 10. O-O Re8 11. f4 b5 12. Bb3 f5 13. a4 b4 14. Qf3 Qd7 15.
a5 Na6 16. Ba4 Rac8 17. d5 Bc5+ 18. Kh1 Nb8 19. cxb4 Bxb4 20. Be3 Bxa5 21. dxc6
Qc7 22. Bd4 f6 23. Bxa7 Qxa7 24. b4 Re3 25. Qd5+ Bf7 26. Qxa5 Qxa5 27. bxa5
Nxc6 28. Nxf5 Re2 29. Bxc6 Rxc6 30. Nd4 1-0

[Event "Elit(Linkoping-Rockaden)"]
[Site "?"]
[Date "2006.??.??"]
[Round "9"]
[White "Rosberg, Simon"]
[Black "Engqvist, Thomas"]
[Result "0-1"]
[WhiteElo "2147"]
[BlackElo "2404"]
[PlyCount "80"]
[EventDate "2006.??.??"]

1. d4 d5 2. Nf3 Nf6 3. c4 c6 4. Qb3 dxc4 5. Qxc4 Bf5 6. g3 e6 7. Bg2 Nbd7 8.
O-O Be7 9. Nc3 O-O 10. Qb3 Qb6 11. Nd2 Bg6 12. Nc4 Qa6 13. Bf4 Nd5 14. Ne5 Nxf4
15. Nxd7 Rfd8 16. gxf4 Rxd7 17. Rfd1 Rad8 18. e3 Bh5 19. Rdc1 Bg6 20. Qa4 Qb6
21. Qb3 Qa5 22. Qa4 Qb6 23. Qb3 Qxb3 24. axb3 a6 25. Na4 Bd6 26. Nc5 Re7 27.
Ne4 Bb8 28. Ra4 f6 29. Nc5 e5 30. fxe5 fxe5 31. d5 cxd5 32. Rd1 Bf7 33. Rb4 Ba7
34. Na4 b5 35. Nc3 d4 36. Ne4 Bg6 37. exd4 exd4 38. f3 Bxe4 39. fxe4 d3+ 40.
Kh1 Bc5 0-1

[Event "Elit(Linkoping-Rockaden)"]
[Site "?"]
[Date "2006.??.??"]
[Round "9"]
[White "Hedman, Erik"]
[Black "Ericsson, Robert"]
[Result "1-0"]
[WhiteElo "2429"]
[BlackElo "2207"]
[PlyCount "47"]
[EventDate "2006.??.??"]

1. e4 c5 2. Nf3 d6 3. Bc4 Nc6 4. O-O e6 5. Re1 Be7 6. c3 Nf6 7. Bb3 h6 8. d3 a6
9. Nbd2 b5 10. d4 c4 11. Bc2 d5 12. Ne5 Nxe5 13. dxe5 Nxe4 14. Nxe4 dxe4 15.
Qg4 Kf8 16. Bxe4 Rb8 17. a4 Bb7 18. axb5 axb5 19. Be3 Qc8 20. Ra7 Bxe4 21. Qxe4
Bc5 22. Bxc5+ Qxc5 23. Rea1 Ke8 24. Ra8 1-0

[Event "Elit(Linkoping-Rockaden)"]
[Site "?"]
[Date "2006.??.??"]
[Round "9"]
[White "Vujadinovic, Miron"]
[Black "Bator, Robert"]
[Result "0-1"]
[WhiteElo "2094"]
[BlackElo "2461"]
[PlyCount "80"]
[EventDate "2006.??.??"]

1. e4 c5 2. c4 e5 3. Nc3 Be7 4. d3 d6 5. f4 exf4 6. Bxf4 Bg5 7. Bxg5 Qxg5 8.
Nf3 Qd8 9. Be2 Nf6 10. O-O Nc6 11. Qd2 O-O 12. d4 Bg4 13. d5 Bxf3 14. Rxf3 Ne5
15. Rg3 Ng6 16. Re1 Re8 17. Bf3 a6 18. a4 Qa5 19. Qe2 Qb4 20. Rc1 Nd7 21. Bg4
Nde5 22. b3 Nxg4 23. Qxg4 Qxb3 24. h4 Qxc4 25. Rd1 b5 26. h5 b4 27. hxg6 hxg6
28. Qe2 Qxe2 29. Nxe2 Rxe4 30. Kf2 Rae8 31. Nc1 c4 32. a5 R8e5 33. Rd2 Rf5+ 34.
Rf3 b3 35. Rxf5 c3 36. Nxb3 cxd2 37. Nxd2 gxf5 38. Nxe4 fxe4 39. g4 Kh7 40. Ke3
Kg6 0-1

[Event "Elit(Linkoping-Rockaden)"]
[Site "?"]
[Date "2006.??.??"]
[Round "9"]
[White "Livner, Anders"]
[Black "Wickstrom, Lucas"]
[Result "1-0"]
[WhiteElo "2407"]
[BlackElo "2020"]
[PlyCount "103"]
[EventDate "2006.??.??"]

1. d4 f5 2. g3 Nf6 3. Bg2 g6 4. Nf3 Bg7 5. c4 O-O 6. O-O d6 7. Nc3 Nc6 8. d5
Ne5 9. Qb3 Nxf3+ 10. Bxf3 e5 11. dxe6 c6 12. Bf4 Qe7 13. Rad1 Rd8 14. Qa3 Ne8
15. Rd3 Bxe6 16. b3 Rd7 17. Qc1 Rad8 18. Bg5 Bf6 19. Bxf6 Nxf6 20. Rfd1 d5 21.
cxd5 Nxd5 22. Nxd5 Bxd5 23. Bxd5+ Rxd5 24. Rxd5 Rxd5 25. Rxd5 cxd5 26. Qc8+ Kf7
27. e3 b6 28. h4 h5 29. Qc6 Qe6 30. Qb7+ Qe7 31. Qxd5+ Kf6 32. Qg8 Qa3 33. Qd8+
Kf7 34. Qc7+ Kf6 35. Qc3+ Kf7 36. Qc4+ Kg7 37. b4 Kf6 38. Kg2 Qa4 39. Qd4+ Kf7
40. Qd5+ Kf6 41. b5 Qa5 42. Kf3 a6 43. Qc6+ Ke5 44. Qc7+ Kf6 45. Qd8+ Kf7 46.
Qd5+ Kf6 47. Qd4+ Ke6 48. Qc4+ Kd6 49. bxa6 b5 50. Qd4+ Ke6 51. Qg7 Qxa2 52.
Qg8+ 1-0

[Event "Elit(Linkoping-Rockaden)"]
[Site "?"]
[Date "2006.??.??"]
[Round "9"]
[White "Klashed, Martin"]
[Black "Zadruzny, Nicolaj"]
[Result "0-1"]
[WhiteElo "2106"]
[BlackElo "2464"]
[PlyCount "120"]
[EventDate "2006.??.??"]

1. e4 c5 2. Nf3 Nc6 3. d4 cxd4 4. Nxd4 g6 5. c4 Nf6 6. Nc3 d6 7. Be2 Nxd4 8.
Qxd4 Bg7 9. Be3 O-O 10. Qd2 Be6 11. O-O Qa5 12. f3 Rfc8 13. b3 a6 14. Rac1 Rab8
15. Ba7 Ra8 16. Be3 Nd7 17. Rfd1 b5 18. Nd5 Qxd2 19. Rxd2 Bxd5 20. Rxd5 b4 21.
Ra5 Nc5 22. Rd1 Nb7 23. Ra4 a5 24. f4 Nc5 25. Bxc5 Rxc5 26. Kf2 Rd8 27. Rd5
Rxd5 28. cxd5 Bd4+ 29. Kf3 Rc8 30. Bc4 Rc5 31. a3 Bc3 32. axb4 Bxb4 33. Ke3 Kg7
34. Kd3 Kf6 35. Ra2 Rc8 36. Re2 h6 37. Ra2 e6 38. Re2 Re8 39. Bb5 Re7 40. dxe6
fxe6 41. Rc2 g5 42. fxg5+ hxg5 43. Rf2+ Ke5 44. Re2 Rf7 45. h3 Rf1 46. Bc4 Rc1
47. Rc2 Rd1+ 48. Ke3 Rb1 49. Kf3 d5 50. exd5 exd5 51. Bb5 Rxb3+ 52. Kg4 d4 53.
Re2+ Re3 54. Rxe3+ dxe3 55. Kf3 Kd4 56. g3 Be1 57. Be8 Kd3 58. Bb5+ Kd2 59. h4
gxh4 60. g4 Bg3 0-1

[Event "Elit(LASK-Kamraterna)"]
[Site "?"]
[Date "2006.??.??"]
[Round "9"]
[White "Svensson, Bengt"]
[Black "Tikkanen, Hans"]
[Result "1-0"]
[WhiteElo "2463"]
[BlackElo "2426"]
[PlyCount "41"]
[EventDate "2006.??.??"]

1. e4 g6 2. d4 Bg7 3. Nc3 d6 4. Be3 a6 5. Qd2 Nd7 6. f3 b5 7. h4 h5 8. Nh3 c6
9. Ng5 Qc7 10. O-O-O Rb8 11. Kb1 a5 12. Bd3 Nb6 13. Ne2 Bd7 14. c3 c5 15. e5
dxe5 16. dxc5 Na4 17. b3 b4 18. cxb4 Rxb4 19. Qc2 Qc6 20. Be4 Qa6 21. c6 1-0

[Event "Elit(LASK-Kamraterna)"]
[Site "?"]
[Date "2006.??.??"]
[Round "9"]
[White "Lund, Esben"]
[Black "Hamark, Jesper"]
[Result "1/2-1/2"]
[WhiteElo "2340"]
[BlackElo "2304"]
[PlyCount "142"]
[EventDate "2006.??.??"]

1. d4 d5 2. c4 e6 3. Nf3 Nf6 4. g3 Bb4+ 5. Nbd2 O-O 6. Bg2 b6 7. O-O Bb7 8. Qc2
Nbd7 9. Rd1 Rc8 10. e4 dxe4 11. Ng5 Bxd2 12. Bxd2 c5 13. Bf4 cxd4 14. Rxd4 e5
15. Bxe5 Nxe5 16. Rxd8 Rfxd8 17. b3 Rd4 18. Rd1 Rcd8 19. Rxd4 Rxd4 20. Bf1 h6
21. Qc3 hxg5 22. Be2 Nc6 23. b4 Rd8 24. Kf1 Nd4 25. h3 Bc8 26. g4 Ne6 27. Qe5
Bb7 28. a4 Nd7 29. Qc3 Kf8 30. Qa3 Kg8 31. a5 Bc6 32. Qe3 Bb7 33. Qa3 Bc6 34.
Qe3 bxa5 35. b5 Bb7 36. Qxa7 Ndc5 37. Qxa5 Ra8 38. Qc3 Ra2 39. Qe5 Rc2 40. Ke1
Ra2 41. Kd1 Ra3 42. Bf1 Rf3 43. Ke1 Rb3 44. Kd2 Ra3 45. Kd1 Ra8 46. Be2 f6 47.
Qc3 Ra2 48. Qe3 Rb2 49. Qa3 Rb3 50. Qa7 Rxh3 51. Qb8+ Kf7 52. Qd6 Ra3 53. Kc1
Ra2 54. Kd1 Ra8 55. Qb6 Ke7 56. Kd2 Ra2+ 57. Kd1 Ra1+ 58. Kd2 Ra3 59. Kd1 Ra8
60. Kd2 Rd8+ 61. Ke1 Rd6 62. Qa7 Rd7 63. Qa3 Kd6 64. f3 Nd4 65. Qa7 Nde6 66.
Qa3 Ke5 67. Qe3 Rd4 68. Qc3 Kf4 69. fxe4 Bxe4 70. Qh3 Ke5 71. Qa3 g6 1/2-1/2

[Event "Elit(LASK-Kamraterna)"]
[Site "?"]
[Date "2006.??.??"]
[Round "9"]
[White "Svenn, Gosta"]
[Black "Niklasson, Christer"]
[Result "1/2-1/2"]
[WhiteElo "2385"]
[BlackElo "2423"]
[PlyCount "57"]
[EventDate "2006.??.??"]

1. Nf3 f5 2. c4 Nf6 3. Nc3 g6 4. g3 Bg7 5. Bg2 O-O 6. O-O d6 7. d3 e5 8. Rb1
Nc6 9. Bg5 h6 10. Bxf6 Qxf6 11. b4 Be6 12. Nd2 a6 13. a4 Rae8 14. b5 axb5 15.
axb5 Nd8 16. Nd5 Qf7 17. Qa4 Bc8 18. Rbc1 Ne6 19. Qa5 g5 20. Rfe1 g4 21. e3 Kh8
22. Rc2 Rg8 23. Ra2 h5 24. Qb4 Nc5 25. Bf1 Be6 26. Nc3 Rgf8 27. Nb3 Nxb3 28.
Qxb3 Ra8 29. Rea1 1/2-1/2

[Event "Elit(LASK-Kamraterna)"]
[Site "?"]
[Date "2006.??.??"]
[Round "9"]
[White "Johnson, Bjorn"]
[Black "Wengholm, Anders"]
[Result "1/2-1/2"]
[WhiteElo "2281"]
[BlackElo "2261"]
[PlyCount "128"]
[EventDate "2006.??.??"]

1. d4 d5 2. c4 e6 3. Nf3 Nf6 4. Nc3 Be7 5. Bg5 O-O 6. e3 h6 7. Bh4 b6 8. Be2
Bb7 9. Bxf6 Bxf6 10. cxd5 exd5 11. b4 c6 12. O-O Qe7 13. Qb3 Rd8 14. Rab1 Nd7
15. b5 c5 16. Nxd5 Bxd5 17. Qxd5 Nf8 18. Qc4 cxd4 19. exd4 Rac8 20. Qd3 Ne6 21.
Qb3 Rxd4 22. Rfc1 Rcd8 23. Qe3 Bg5 24. Nxg5 Qxg5 25. Qxg5 hxg5 26. Rb2 Nc5 27.
g3 Rd2 28. Rcc2 Rxc2 29. Rxc2 Rd4 30. Bc4 g6 31. Kf1 Kg7 32. Ke2 g4 33. f3
gxf3+ 34. Kxf3 f5 35. Ke3 Re4+ 36. Kf3 Kf6 37. Rc3 g5 38. h3 Ke5 39. Bg8 Kd4
40. Ra3 g4+ 41. hxg4 fxg4+ 42. Kg2 Re2+ 43. Kf1 Re7 44. Kg2 Rg7 45. Bb3 Nxb3
46. Rxb3 Kc4 47. Kf2 Rf7+ 48. Ke2 Rf5 49. Ra3 Kxb5 50. Rxa7 Rf3 51. a4+ Kc6 52.
Rg7 Rxg3 53. Rg5 Rg2+ 54. Kf1 Rd2 55. Rxg4 Kc5 56. Rg8 Rd4 57. Ra8 Kc6 58. Ra7
Re4 59. Kf2 Re5 60. Kf3 Ra5 61. Rxa5 bxa5 62. Ke3 Kc5 63. Kd3 Kb4 64. Kc2 Kxa4
1/2-1/2

[Event "Elit(LASK-Kamraterna)"]
[Site "?"]
[Date "2006.??.??"]
[Round "9"]
[White "Borvander, Tom"]
[Black "Semcesen, Daniel"]
[Result "0-1"]
[WhiteElo "2238"]
[BlackElo "2308"]
[PlyCount "86"]
[EventDate "2006.??.??"]

1. d4 d5 2. c4 c6 3. Nf3 Nf6 4. Nc3 a6 5. c5 Bf5 6. Bf4 Nbd7 7. h3 e6 8. e3 Be7
9. Bd3 Bxd3 10. Qxd3 O-O 11. O-O Nh5 12. Bh2 f5 13. b4 g5 14. Ne5 f4 15. exf4
Nxf4 16. Bxf4 Rxf4 17. Ng4 e5 18. Ne2 e4 19. Qd2 Rf8 20. Ng3 Kg7 21. Ne3 Kh8
22. Qe2 Nf6 23. Nef5 Qd7 24. a4 Bd8 25. b5 axb5 26. axb5 Bc7 27. b6 Bf4 28. Ne3
Rae8 29. Ngf5 Ng8 30. Ng3 Nh6 31. Ra7 Bb8 32. Ra4 Re6 33. Ng4 Ng8 34. Ra8 Qg7
35. Rd1 Ne7 36. Ne3 Qf7 37. Rd2 Ng6 38. Qh5 Rf6 39. Ng4 e3 40. Rxb8 exd2 41.
Rxf8+ Nxf8 42. Ne3 Qxh5 43. Nxh5 Re6 0-1

[Event "Elit(LASK-Kamraterna)"]
[Site "?"]
[Date "2006.??.??"]
[Round "9"]
[White "Nilsson, Sebastian"]
[Black "Haggstrom, Olle"]
[Result "1-0"]
[WhiteElo "2252"]
[BlackElo "2263"]
[PlyCount "89"]
[EventDate "2006.??.??"]

1. e4 e6 2. d4 d5 3. Nc3 dxe4 4. Nxe4 Nd7 5. Bd3 Ngf6 6. Qe2 c5 7. Nxc5 Nxc5 8.
dxc5 Bxc5 9. Bd2 O-O 10. O-O-O Qd5 11. Bc3 Qxg2 12. Bxf6 gxf6 13. Bxh7+ Kxh7
14. Qh5+ Kg7 15. Qxc5 Qxh1 16. Nf3 Qxd1+ 17. Kxd1 e5 18. Nd2 Bf5 19. Qe3 Rfd8
20. Qg3+ Bg6 21. Ke1 Rd4 22. Nf3 Re4+ 23. Kf1 Rd8 24. Nh4 Rf4 25. Ng2 Rd1+ 26.
Ke2 Rg1 27. f3 Rd4 28. h4 Kh7 29. c3 Rxg2+ 30. Qxg2 Rxh4 31. Qf2 Rf4 32. Qxa7
b5 33. Qd7 Bh5 34. Qxb5 Rxf3 35. a4 Rxc3+ 36. Kd2 Rc8 37. a5 Bg6 38. a6 Be4 39.
Qd7 Rc2+ 40. Ke3 Bg6 41. a7 f5 42. a8=Q f4+ 43. Kf3 Bh5+ 44. Ke4 Re2+ 45. Kf5
1-0

[Event "Elit(LASK-Kamraterna)"]
[Site "?"]
[Date "2006.??.??"]
[Round "9"]
[White "Martensson, Ulf"]
[Black "Meurman, Arne"]
[Result "1-0"]
[WhiteElo "2189"]
[BlackElo "2088"]
[PlyCount "111"]
[EventDate "2006.??.??"]

1. Nf3 c5 2. c4 Nf6 3. g3 b6 4. Bg2 Bb7 5. O-O e6 6. Nc3 Be7 7. b3 d6 8. d4
cxd4 9. Nxd4 Bxg2 10. Kxg2 O-O 11. Bb2 a6 12. e3 Ra7 13. Qf3 Rd7 14. Rfd1 Qc7
15. Rac1 Rc8 16. Ba3 Qb7 17. h3 Nc6 18. Nxc6 Rxc6 19. Bb2 b5 20. cxb5 axb5 21.
Ne2 d5 22. Rxc6 Qxc6 23. Nd4 Qb6 24. Rc1 Rd8 25. Nc6 Qb7 26. Nxd8 Bxd8 27. Bxf6
Bxf6 28. Kh2 b4 29. Qe2 g6 30. Qc2 Bc3 31. a3 e5 32. axb4 d4 33. exd4 exd4 34.
Qe2 Qxb4 35. Qc4 Qa5 36. Rc2 Qf5 37. Ra2 h5 38. b4 h4 39. b5 Qb1 40. Ra8+ Kg7
41. Re8 Qc2 42. Re2 hxg3+ 43. fxg3 Qb1 44. Rf2 f5 45. Qc7+ Kh6 46. Qf4+ Kg7 47.
Qe5+ Kg8 48. Qb8+ Kh7 49. Qc7+ Kh6 50. b6 Ba5 51. Qf4+ g5 52. Qd6+ Kh5 53. g4+
fxg4 54. hxg4+ Kxg4 55. Qxd4+ Kh5 56. Qh8+ 1-0

[Event "Elit(LASK-Kamraterna)"]
[Site "?"]
[Date "2006.??.??"]
[Round "9"]
[White "Smith, Axel"]
[Black "Andersson, Michael"]
[Result "1-0"]
[WhiteElo "2164"]
[BlackElo "2211"]
[PlyCount "73"]
[EventDate "2006.??.??"]

1. e4 c6 2. d4 d5 3. Nc3 dxe4 4. Nxe4 Nd7 5. Ng5 Ngf6 6. Bd3 e6 7. N1f3 Bd6 8.
Qe2 h6 9. Ne4 Nxe4 10. Qxe4 Qc7 11. O-O b6 12. Qg4 Kf8 13. b3 c5 14. dxc5 Nxc5
15. Bc4 h5 16. Qd4 Bb7 17. Bb2 f6 18. Rad1 Rd8 19. Qe3 Re8 20. h3 Bf4 21. Qe2
Rh6 22. Rfe1 g5 23. Nd4 g4 24. h4 Be5 25. Ba3 Bxd4 26. Rxd4 Qc6 27. Qf1 Re7 28.
b4 g3 29. f3 Qa4 30. Re3 Nd7 31. Qe2 a6 32. b5 Nc5 33. bxa6 Bc6 34. Rxe6 Qxa3
35. Rxe7 Qc1+ 36. Rd1 Qf4 37. Rd8+ 1-0

[Event "Elit(Skara-Sollentuna)"]
[Site "?"]
[Date "2006.??.??"]
[Round "9"]
[White "Agrest, Evgenij"]
[Black "Djurhuus, Rune"]
[Result "1-0"]
[WhiteElo "2684"]
[BlackElo "2598"]
[PlyCount "81"]
[EventDate "2006.??.??"]

1. Nf3 c5 2. c4 g6 3. d4 Bg7 4. e4 cxd4 5. Nxd4 Nc6 6. Nc2 d6 7. Be2 f5 8. exf5
Bxf5 9. Ne3 Be6 10. O-O Nh6 11. Nd2 O-O 12. Nf3 Kh8 13. a4 Bg8 14. Ra3 e6 15.
Rd3 Nf7 16. Rd2 Qb6 17. b3 Qc5 18. Bb2 Bxb2 19. Rxb2 Nfe5 20. Rd2 Nxf3+ 21.
Bxf3 Rad8 22. Re1 a5 23. Ng4 e5 24. Bxc6 bxc6 25. Rxe5 dxe5 26. Rxd8 h5 27.
Rxf8 Qxf8 28. Nxe5 Qf6 29. f4 c5 30. Qd7 g5 31. Qc6 Qf5 32. h3 gxf4 33. Qxc5
Qb1+ 34. Kh2 Qxb3 35. Nf3 Qxa4 36. Qe5+ Kh7 37. Qe7+ Kg6 38. Nh4+ Kh6 39. Qf6+
Kh7 40. Nf5 Qxc4 41. Qg7# 1-0

[Event "Elit(Skara-Sollentuna)"]
[Site "?"]
[Date "2006.??.??"]
[Round "9"]
[White "Cicak, Slavko"]
[Black "Popov, Valerij"]
[Result "0-1"]
[WhiteElo "2536"]
[BlackElo "2633"]
[PlyCount "124"]
[EventDate "2006.??.??"]

1. e4 c5 2. Nf3 d6 3. c3 Nf6 4. Bc4 Nc6 5. d3 g6 6. O-O Bg7 7. Bb3 O-O 8. h3 b6
9. Re1 Ne5 10. d4 Nxf3+ 11. Qxf3 Bb7 12. Bg5 h6 13. Bh4 b5 14. Nd2 cxd4 15.
cxd4 Qb6 16. Qe3 g5 17. Bg3 Nh5 18. Nf3 Nxg3 19. fxg3 Rac8 20. Kh2 a5 21. a3
Rc7 22. Re2 a4 23. Ba2 b4 24. axb4 Qxb4 25. Rd1 e6 26. Rf2 Qb6 27. Qd3 Rfc8 28.
Rfd2 Rc1 29. Qe2 Qa6 30. Qe3 Rxd1 31. Rxd1 Rc2 32. Rd2 Rxd2 33. Nxd2 Qa7 34.
Nf3 Qb6 35. Qe2 Bxd4 36. Bxe6 fxe6 37. Qc4 Bg7 38. Qxe6+ Kh7 39. h4 Qc6 40.
hxg5 Qxe4 41. Qxd6 Qg6 42. Qb4 Qh5+ 43. Nh4 hxg5 44. Qxb7 gxh4 45. gxh4 Qxh4+
46. Kg1 Qd4+ 47. Kh2 Kg6 48. Qc6+ Kg5 49. g3 Qxb2+ 50. Kh3 Qd4 51. Qc2 Kh5 52.
Qc8 Qe4 53. g4+ Kg6 54. Kg3 Be5+ 55. Kf2 Bd4+ 56. Kg3 Qe3+ 57. Kg2 a3 58. Qf5+
Kg7 59. Qd7+ Kh6 60. Qd5 Qf2+ 61. Kh3 Qf1+ 62. Kh2 Bg1+ 0-1